00876nam a2200205 i 450000100060000000300090000600500170001500700030003200800410003510000280007624502180010426000340032230000360035670000360039270000330042870000400046185200310050199900170053295201210054985025ES-MaACL20230906175151.0t|041124s1975 sp ||||1| spa d1 aJones, Howard W.96685010aHermafroditismo, anomalías genitales y trastornos endocrinos afines / cpor Howard W. Jones, William Wallace Scott ; [traducción de Enrique Batlle Roca ; prólogo de la edición española Gonzalo Lloveras]. aBarcelona : bLabor, c[1975] aXXII, 756 p. : bil. ; c25 cm.1 aScott, William Wallace.91049601 aBatlle Roca, Enrique.9264501 aLloveras, Gonçal (d1926-)972939 aES-MaACLjE-8807 bR.93217 c85025d85025 00104070aATENEOMbATENEOMcDEPO2d2008-01-17eSCl0oE-8807p1088852r2023-02-23 00:00:00w2023-02-23yMONOGRAFIA